000 00382nam a22001697a 4500
999 _c4557
_d4555
005 20210812154503.0
008 160628b xxu||||| |||| 00| 0 eng d
020 _a0-09-953661-7
041 _aeng
082 _b10954
100 _aMcCormack, Mark H
_96530
245 _aManaging
260 _bArrow Business books
300 _a242
650 _aManagement
_9241
942 _cBK